000 00330nam a2200121Ia 4500
008 240731s9999 xx 000 0 und d
022 _a1532-7671
245 0 _aJournal of Education for Students Placed at Risk (JESPAR)
260 _bRoutledge
856 _uhttps://www.tandfonline.com/loi/hjsp20
942 _2ddc
942 _cTFEJ
999 _c77661
_d77661
945 _a1
_bMadushi Gamage
_c1
_dMadushi Gamage